Uruguay a la hora del referendum
Gardado en:
| Formato: | Texto |
|---|---|
| Materias: | |
| Etiquetas: |
Engadir etiqueta
Sen Etiquetas, Sexa o primeiro en etiquetar este rexistro!
|
MARC
| LEADER | 00000 a a2200000 04500 | ||
|---|---|---|---|
| 001 | 18009 | ||
| 003 | |||
| 040 | |||
| 245 | |a Uruguay a la hora del referendum | ||
| 650 | |a REFERENDUM | ||
| 650 | |a PARTIDOS POLITICOS | ||
| 650 | |a URUGUAY | ||
| 773 | |g volumen 4, número 48; (1980) páginas 567 | ||
| 999 | |c 32654 |d 32654 | ||
| 773 | 0 | |0 42391 |9 3865 |a Agencia Latinoamericana de Información, ALAI |d Quito, Ecuador: ALAI |o 04418 |t ALAI: |x 08275564 (Servicio mensual de información y documentación) | |
